000 00860cab a2200277 4500
001 ABS55339
008 090401t1996 xxu||||| |||| 00| 0 eng d
035 _a(Sirsi) u15850
041 _aeng
100 _aBendall, D.
245 _aSmoke and gas detection - where to now?
260 _c1996
350 _a0
490 _aHousing and Planning Review
_v51(3) June/July 1996, 24-25(2)
520 _aLooks at developments in smoke and gas detection systems and outlines the legal requirements regarding their installation.
650 _aCARBON MONOXIDE DETECTORS
650 _aCARBON MONOXIDE
650 _aHEALTH AND SAFETY
_96244
650 _aHEAT DETECTORS
650 _aHOUSES IN MULTIPLE OCCUPATION
650 _aSMOKE ALARMS
690 _aBUILT ENVIRONMENT-BUILDING STANDARDS
690 _aHOUSING
942 _n0
948 _c04/03/1997
999 _c10434
_d10434